000 00702nam a2200277 a 4500
003 AR-BaBNM
005 20251128202825.0
008 082120s2002 ||||||||||||||000 | spa||
040 _cAR-BaBNM
100 1 _aMann, Thomas
245 0 0 _aCervantes, Goethe, Freud
260 _aBuenos Aires
_bLosada
_c1943
300 _a194 p.
490 0 _aLa pajarita de papel
650 4 _aCRITICA LITERARIA
650 4 _aANALISIS LITERARIO
650 4 _aLITERATURA ALEMANA
650 4 _aPSICOANALISIS
650 4 _aROMANTICISMO
650 4 _aLITERATURA ESPAÑOLA
650 4 _aSOCIOLOGIA DEL ARTE
655 _aLITERATURA
800 1 _aTorre, Guillermo de
_edirector
942 _cBK
998 _cisola
999 _c748
_d748